| 000 | 00491 a2200181 4500 | ||
|---|---|---|---|
| 020 | _a9780132545198 | ||
| 082 | _a621.381 | ||
| 090 |
_c7290 _d7290 |
||
| 100 | _aBuchla, David M. | ||
| 110 | _aWetterling, Steven | ||
| 245 |
_aLaboratory exercises for electronic devices _c David M.Buchla |
||
| 250 | _a9th ed. | ||
| 260 |
_aNew York _bPearson Education _c2012 |
||
| 300 | _a266 p. | ||
| 650 | _aElectronic apparatus and appliances | ||
| 700 | _aDavid M.Buchla | ||
| 942 |
_cBK _k621.381 BUC |
||
| 999 |
_c11093 _d11093 |
||